Tilastot visalle Euroopan valtiot

Klikkaa tästä pelataksesi tätä visaa!

Yleistilastot

  • Tätä visaa on pelattu 9 417 kertaa
    (5 081 viimeisimmän päivityksen jälkeen)
  • Keskiarvotulos 39 / 45

Vastaukset kartalla

Vastauksille on annettu kartalla punavihreä väri sen mukaan, kuinka moni on saanut sen oikein.
Ladataan ...
 

Vastaustilastot

Valtio% Oikein
Suomi
99%
Ruotsi
99%
Norja
98%
Italia
97%
Viro
97%
Liettua
97%
Espanja
97%
Saksa
97%
Latvia
97%
Venäjä
96%
Tanska
96%
Ranska
96%
Islanti
96%
Yhdistynyt kuningaskunta
95%
Irlanti
94%
Puola
94%
Kreikka
93%
Valko-Venäjä
93%
Portugali
93%
Alankomaat
92%
Belgia
88%
Ukraina
88%
Sveitsi
87%
Itävalta
87%
Unkari
86%
Tšekki
85%
Slovakia
85%
Romania
82%
Kroatia
82%
Slovenia
82%
Vatikaanivaltio
81%
Luxemburg
79%
Bulgaria
78%
Bosnia ja Hertsegovina
77%
Albania
76%
Monaco
75%
Andorra
75%
Malta
75%
Serbia
73%
Liechtenstein
71%
Moldova
68%
San Marino
68%
Kosovo
68%
Pohjois-Makedonia
68%
Montenegro
65%

Tulosjakauma

Persentiili vastausten määrän mukaan

Jokaisen tuloksen saaneiden osuus

Tuloshistoriasi

Et ole pelannut tätä visaa sen viimeisimmän päivityksen jälkeen